LEADER 01518nam a22002891i 4500 001 991003031329707536 005 20040514171700.0 008 040624s1986 it a||||||||||||||||ita 020 $a8878130745 035 $ab13013798-39ule_inst 035 $aARCHE-097147$9ExL 040 $aDip.to Beni Culturali$bita$cA.t.i. Arché s.c.r.l. Pandora Sicilia s.r.l. 082 04$a722.62 111 2 $aMostra su Architettura etrusca nel viterbese$d<1986 ;$cViterbo>$0488048 245 10$aArchitettura etrusca nel viterbese :$bricerche svedesi a San Giovenale e Acquarossa 1956-1986 : Viterbo Museo archeologico nazionale - Rocca Albornoz dal 19 settembre 1986 /$c[Massimo Pallottino] ... [et al.] 260 $aRoma :$bDe Luca,$cc1986 300 $a154 p., 15 p. di tav. :$bill. ;$c29 cm 500 $aCatalogo di una mostra realizzata a Viterbo nel 1986 500 $aIn testa al front.: Sotto l'alto patronato di S.M. Carlo XVI Gustavo, Re di Svezia [e di] Francesco Cossiga, Presidente della Repubblica Italiana 650 4$aArchitettura etrusca$zViterbo (Provincia)$xEsposizioni$xViterbo$y1986 700 1 $aPallottino, Massimo$eauthor$4http://id.loc.gov/vocabulary/relators/aut$06753 907 $a.b13013798$b02-04-14$c12-07-04 912 $a991003031329707536 945 $aLE001 AR XIII 25$g1$i2001000131235$lle001$nC. 1$o-$pE0.00$q-$rl$s- $t0$u0$v0$w0$x0$y.i13625883$z12-07-04 996 $aArchitettura etrusca nel viterbese$91449576 997 $aUNISALENTO 998 $ale001$b12-07-04$cm$da $e-$fita$git $h0$i1 LEADER 02603oam 2200553zu 450 001 9911006571803321 005 20210807002745.0 010 $a1-394-44210-6 010 $a1-394-44211-4 010 $a1-394-44212-2 010 $a1-64331-191-3 010 $a1-61583-539-3 035 $a(CKB)3360000000000215 035 $a(SSID)ssj0000403814 035 $a(PQKBManifestationID)12146890 035 $a(PQKBTitleCode)TC0000403814 035 $a(PQKBWorkID)10453179 035 $a(PQKB)10362629 035 $a(NjHacI)993360000000000215 035 $a(MiAaPQ)EBC32531503 035 $a(Au-PeEL)EBL32531503 035 $a(OCoLC)1570692333 035 $a(EXLCZ)993360000000000215 100 $a20160829d2005 uy 101 0 $aeng 135 $aur||||||||||| 181 $ctxt 182 $cc 183 $acr 200 10$aAdvanced PID Control 205 $a1st ed. 210 31$a[Place of publication not identified]$cISA$d2005 215 $a1 online resource (xii, 460 pages) $cillustrations 225 1 $aInternational Society of Automation Series 300 $aBibliographic Level Mode of Issuance: Monograph 311 08$a1-55617-942-1 320 $aIncludes bibliographical references and index. 330 $aThis book builds on the basics learned in PID Controllers, but augments it through the use of advanced control techniques. Design of PID controllers are brought into the mainstream of control system design by focusing on requirements that capture effects of load disturbances, measurement noise, robustness to process variations and maintaining set points. In this way, it is possible to make a smooth transition from PID control to more advanced model based controllers. It is also possible to get insight into fundamental limitations and to determine the information needed to design good controllers. This book provides a solid foundation for understanding, operating and implementing the more advanced features of PID controllers, including auto-tuning, gain scheduling and adaptation. Particular attention is given to specific challenges such as reset windup, long process dead times, and oscillatory systems. Modeling methods, implementation details, and problem-solving techniques are also presented. 410 0$aInternational Society of Automation Series 606 $aPID controllers 615 0$aPID controllers. 676 $a629.8/3 700 $a¿strm_$b Karl J$01823971 702 $aHg~glund$b Tore 801 0$bPQKB 906 $aBOOK 912 $a9911006571803321 996 $aAdvanced PID Control$94390929 997 $aUNINA